[Event "ASEAN-ch"]
[Site "Quezon City"]
[Date "2023.02.17"]
[Round "10"]
[White "Mohamad, Ervan"]
[Black "Yeoh, Li Tian"]
[Result "1/2-1/2"]
[WhiteElo "2399"]
[BlackElo "2515"]
[PlyCount "57"]
[EventDate "2023.02.11"]
[EventType "tourn"]
[EventRounds "11"]
[EventCountry "PHI"]
[EventCategory "6"]
[SourceTitle "CBM 212 Extra"]
[Source "ChessBase"]
[SourceDate "2023.03.31"]
[SourceVersion "1"]
[SourceVersionDate "2023.03.31"]
[SourceQuality "1"]

1. e4 e5 2. Nf3 Nc6 3. Bb5 Nf6 4. d3 Bc5 5. Bxc6 dxc6 6. Nbd2 Be6 7. 0-0 Nd7 8. Nb3 Bxb3 9. axb3 0-0 10. Qe1 Re8 11. Be3 Qe7 12. Bxc5 Nxc5 13. Qb4 a6 14. Nd2 f6 15. Nc4 b6 16. Ne3 a5 17. Qc3 Qd7 18. b4 axb4 19. Qxb4 Ne6 20. Ra3 Rxa3 21. Qxa3 Nd4 22. h3 g6 23. Kh2 f5 24. c3 Nb5 25. Qb3+ Kh8 26. Qd1 f4 27. Nc4 Nd6 28. Nxd6 Qxd6 29. Qf3 1/2-1/2

[Event "ASEAN-ch"]
[Site "Quezon City"]
[Date "2023.02.13"]
[Round "4"]
[White "Yeoh, Li Tian"]
[Black "Laylo, Darwin"]
[Result "1/2-1/2"]
[WhiteElo "2515"]
[BlackElo "2433"]
[PlyCount "121"]
[EventDate "2023.02.11"]
[EventType "tourn"]
[EventRounds "11"]
[EventCountry "PHI"]
[EventCategory "6"]
[SourceTitle "CBM 212 Extra"]
[Source "ChessBase"]
[SourceDate "2023.03.31"]
[SourceVersion "1"]
[SourceVersionDate "2023.03.31"]
[SourceQuality "1"]

1. e4 e5 2. Nf3 Nf6 3. d4 Nxe4 4. Bd3 Nc6 5. Nxe5 Nxe5 6. dxe5 Nc5 7. Bc4 d6 8. Qf3 Be6 9. Bxe6 fxe6 10. exd6 Bxd6 11. Nc3 Qf6 12. Qxf6 gxf6 13. Nb5 a6 14. Nxd6+ cxd6 15. Be3 Rc8 16. 0-0-0 Ke7 17. Rd4 Rhg8 18. g3 Nd7 19. Rhd1 Rc6 20. Rh4 Rg7 21. Bh6 Rf7 22. Rg4 Rc8 23. Rgd4 d5 24. b3 Ne5 25. Kb2 Ke8 26. h3 Rfc7 27. R4d2 Kf7 28. Re2 Nf3 29. Kb1 d4 30. Bc1 e5 31. Bb2 h5 32. h4 f5 33. Rd3 e4 34. Rxd4 Nxd4 35. Bxd4 Rd7 36. c3 Ke6 37. Kb2 b5 38. a3 Rxd4 39. cxd4 Kd5 40. Rd2 f4 41. gxf4 Rf8 42. a4 b4 43. Rc2 Rxf4 44. a5 Kxd4 45. Kc1 Kd3 46. Rc6 Rxf2 47. Rxa6 Rf1+ 48. Kb2 e3 49. Rd6+ Ke2 50. a6 Rf7 51. Rb6 Ra7 52. Kc2 Rc7+ 53. Kb2 Kd3 54. Rb7 Rc2+ 55. Kb1 e2 56. Rd7+ Kc3 57. Re7 Rb2+ 58. Ka1 Rd2 59. a7 Rd8 60. Rxe2 Kxb3 61. Re3+ 1/2-1/2

[Event "SEA Games 31st"]
[Site "Ha Long"]
[Date "2022.05.15"]
[Round "9"]
[White "Laohawirapap, Prin"]
[Black "Yeoh, Li Tian"]
[Result "1-0"]
[WhiteElo "2210"]
[BlackElo "2523"]
[PlyCount "105"]
[EventDate "2022.05.10"]
[EventType "swiss"]
[EventRounds "9"]
[EventCountry "VIE"]
[SourceTitle "CBM 208 Extra"]
[Source "ChessBase"]
[SourceDate "2022.07.31"]
[SourceVersion "1"]
[SourceVersionDate "2022.07.31"]
[SourceQuality "1"]

1. e4 c6 2. d4 d5 3. exd5 cxd5 4. Bd3 Nc6 5. c3 Nf6 6. Bf4 g6 7. Nf3 Nh5 8. Be3 Bg7 9. 0-0 0-0 10. Re1 Qd6 11. h3 b6 12. Nbd2 Bb7 13. Nf1 Na5 14. Qc1 Nc4 15. Ng3 Nxg3 16. Bf4 Qd7 17. Bxg3 f6 18. Qc2 Nd6 19. Re2 Ne4 20. Rae1 Rae8 21. Bh2 Bh6 22. Nh4 Bg5 23. Nf3 Bh6 24. Kh1 e6 25. Ng1 Bc6 26. h4 Kf7 27. Nh3 Rg8 28. Qb3 Nd6 29. Nf4 Bxf4 30. Bxf4 Bb5 31. Bxb5 Nxb5 32. Qb4 a5 33. Qb3 Qc6 34. a4 Nd6 35. Bxd6 Qxd6 36. g3 Re7 37. Kg2 Rc8 38. h5 g5 39. Qc2 Ke8 40. Qd3 Kd7 41. Rb1 Qc6 42. Qf3 Rf7 43. Re3 Re8 44. b4 axb4 45. cxb4 Ke7 46. b5 Qc4 47. Rbe1 Kd7 48. Rc3 Qxd4 49. Rc6 Rfe7 50. Qa3 Rd8 51. Rc7+ Kxc7 52. Qxe7+ Rd7 53. Rc1+ 1-0

[Event "Kuala Lumpur op 16th"]
[Site "Kuala Lumpur"]
[Date "2019.08.18"]
[Round "9"]
[White "Yeoh, Li Tian"]
[Black "Nguyen, Van Huy"]
[Result "1-0"]
[WhiteElo "2528"]
[BlackElo "2452"]
[PlyCount "71"]
[EventDate "2019.08.12"]
[EventType "swiss"]
[EventRounds "9"]
[EventCountry "MAS"]
[SourceTitle "EXT 2020"]
[Source "ChessBase"]
[SourceDate "2019.10.17"]
[SourceVersion "1"]
[SourceVersionDate "2019.10.17"]
[SourceQuality "1"]

1. e4 c6 2. d4 d5 3. e5 Bf5 4. Nf3 e6 5. Be2 Nd7 6. 0-0 Ne7 7. c3 c5 8. Nh4 Be4 9. Nd2 Nc6 10. Nxe4 dxe4 11. g3 Be7 12. Ng2 Qb6 13. Be3 Rd8 14. Qa4 0-0 15. Rab1 cxd4 16. cxd4 Qb4 17. Qxb4 Nxb4 18. Rfc1 Rc8 19. a3 Nd5 20. Bd1 f5 21. exf6 gxf6 22. Bh6 Rfd8 23. f3 exf3 24. Bxf3 Bf8 25. Bxd5 exd5 26. Bxf8 Nxf8 27. Ne3 Kf7 28. Rf1 Ne6 29. Rbd1 Ng5 30. Rf5 Rd6 31. Rdf1 Ne4 32. Rh5 Rb6 33. Rxh7+ Kg8 34. Re7 Rxb2 35. Nxd5 Rcc2 36. Ne3 1-0

[Event "Belt and Road Hunan op-A"]
[Site "Changsha"]
[Date "2019.08.04"]
[Round "7"]
[White "Yeoh, Li Tian"]
[Black "Batsiashvili, Nino"]
[Result "1-0"]
[WhiteElo "2528"]
[BlackElo "2433"]
[PlyCount "85"]
[EventDate "2019.07.29"]
[EventType "swiss"]
[EventRounds "9"]
[EventCountry "CHN"]
[SourceTitle "CBM 191 Extra"]
[Source "ChessBase"]
[SourceDate "2019.09.30"]
[SourceVersion "1"]
[SourceVersionDate "2019.09.30"]
[SourceQuality "1"]

1. Nf3 d5 2. g3 c5 3. c4 d4 4. e3 Nc6 5. exd4 cxd4 6. Bg2 e5 7. 0-0 Bd6 8. Re1 Nge7 9. d3 Ng6 10. a3 a5 11. Qc2 Bg4 12. Nbd2 0-0 13. c5 Be7 14. Nc4 Bxf3 15. Bxf3 Bxc5 16. Qb3 Qe7 17. Bd2 a4 18. Qb5 Ra6 19. Rac1 Rb8 20. Na5 Nxa5 21. Bxa5 Bd6 22. Bb6 Raa8 23. Rc4 Qg5 24. Kf1 h5 25. h4 Qf5 26. Be4 Qh3+ 27. Kg1 Qg4 28. Qd5 Be7 29. Bf3 Qf5 30. Rec1 Re8 31. Qe4 Qe6 32. Bc7 Ra7 33. Bxh5 f5 34. Qg2 Kh7 35. Bd1 Bf6 36. Qf3 Nf8 37. Rxa4 Rea8 38. Rb4 g6 39. Rb6 Qe7 40. Bd6 Qd8 41. Rc7+ Kh6 42. Qd5 Ra5 43. Qf7 1-0

[Event "Belt and Road Hunan op-A"]
[Site "Changsha"]
[Date "2019.08.02"]
[Round "5"]
[White "Zou, Chen"]
[Black "Yeoh, Li Tian"]
[Result "1-0"]
[WhiteElo "2440"]
[BlackElo "2528"]
[PlyCount "64"]
[EventDate "2019.07.29"]
[EventType "swiss"]
[EventRounds "9"]
[EventCountry "CHN"]
[SourceTitle "CBM 191 Extra"]
[Source "ChessBase"]
[SourceDate "2019.09.30"]
[SourceVersion "1"]
[SourceVersionDate "2019.09.30"]
[SourceQuality "1"]

1. e4 e5 2. Nf3 Nc6 3. Bb5 g6 4. c3 Bg7 5. d4 exd4 6. cxd4 a6 7. Ba4 b5 8. Bb3 Nge7 9. d5 Na5 10. Bc2 0-0 11. 0-0 d6 12. Nc3 c5 13. dxc6 Nexc6 14. Nd5 Bg4 15. h3 Bxf3 16. Qxf3 Nd4 17. Qd1 Nxc2 18. Qxc2 Nc4 19. a4 Rc8 20. axb5 axb5 21. Qb3 Qh4 22. Bf4 Rfe8 23. Qxb5 Nxb2 24. Ra7 Bd4 25. g3 Qh5 26. Qb7 g5 27. g4 Qg6 28. Ne7+ Rxe7 29. Qxc8+ Kg7 30. Rxe7 gxf4 31. Re8 Kh6 32. Rg8 Bg7 1-0

[Event "Dubai op 21st"]
[Site "Dubai"]
[Date "2019.04.02"]
[Round "2"]
[White "Quizon, Daniel"]
[Black "Yeoh, Li Tian"]
[Result "0-1"]
[WhiteElo "2268"]
[BlackElo "2522"]
[PlyCount "108"]
[EventDate "2019.04.01"]
[EventType "swiss"]
[EventRounds "9"]
[EventCountry "UAE"]
[SourceTitle "CBM 189 Extra"]
[Source "ChessBase"]
[SourceDate "2019.06.03"]
[SourceVersion "1"]
[SourceVersionDate "2019.06.03"]
[SourceQuality "1"]

1. e4 e5 2. Nf3 Nc6 3. Bb5 Nf6 4. d3 Bc5 5. c3 0-0 6. 0-0 Re8 7. Nbd2 a6 8. Ba4 b5 9. Bb3 d6 10. Re1 Be6 11. Bxe6 Rxe6 12. Nf1 Bb6 13. Be3 d5 14. Bxb6 cxb6 15. exd5 Nxd5 16. d4 e4 17. N3d2 f5 18. a4 b4 19. Nc4 bxc3 20. bxc3 Rc8 21. Qb3 Nce7 22. Nfe3 f4 23. Ng4 b5 24. axb5 axb5 25. Nd2 e3 26. fxe3 fxe3 27. Nf3 Rxc3 28. Qxb5 Qc8 29. Nge5 Rb6 30. Qa5 Rc2 31. Ra2 Rbb2 32. Rxb2 Rxb2 33. Nd3 Rxg2+ 34. Kh1 h6 35. Nde5 Rc2 36. Rg1 Rc1 37. Rxc1 Qxc1+ 38. Qe1 Qc2 39. Qf1 e2 40. Qe1 Nf4 41. Kg1 Ned5 42. Kf2 Nf6 43. Kg3 N4h5+ 44. Kg2 Ne4 45. Ng1 Nf4+ 46. Kf3 Qd1 47. Nd3 Nxd3 48. Qxe2 Ng5+ 49. Ke3 Qxg1+ 50. Kxd3 Qb1+ 51. Kc3 Qc1+ 52. Kb4 Qc6 53. Qa2+ Ne6 54. d5 Qc5+ 0-1

[Event "Mumbai Wealth op 3rd"]
[Site "Mumbai"]
[Date "2018.01.07"]
[Round "9"]
[White "Yeoh, Li Tian"]
[Black "Saurabh, Anand"]
[Result "1-0"]
[WhiteElo "2480"]
[BlackElo "2241"]
[PlyCount "119"]
[EventDate "2017.12.30"]
[EventType "swiss"]
[EventRounds "9"]
[EventCountry "IND"]
[SourceTitle "CBM 182 Extra"]
[Source "ChessBase"]
[SourceDate "2018.02.23"]
[SourceVersion "1"]
[SourceVersionDate "2018.02.23"]
[SourceQuality "1"]

1. Nf3 d5 2. g3 Bg4 3. Bg2 Nd7 4. h3 Bh5 5. 0-0 c6 6. d4 Ngf6 7. Bf4 e6 8. Nbd2 Be7 9. Re1 0-0 10. c4 Bg6 11. e3 Ne4 12. a3 a5 13. Bf1 Bf5 14. g4 Bg6 15. Nxe4 Bxe4 16. Nd2 Bg6 17. Qb3 Qb6 18. Qxb6 Nxb6 19. c5 Nd7 20. b4 Rfc8 21. Nb3 Bd8 22. Bd6 a4 23. Nd2 Bc7 24. Bxc7 Rxc7 25. f4 Nf6 26. Ra2 Ne4 27. Nxe4 Bxe4 28. Rc1 Kf8 29. Rb2 Ke7 30. b5 Kd7 31. Kf2 Rcc8 32. Ke1 Kc7 33. Rb4 Ra5 34. Kd2 Rb8 35. Ra1 f6 36. Ra2 Bg6 37. Rab2 Raa8 38. Be2 Be8 39. Kc3 Bd7 40. b6+ Kd8 41. Bd1 f5 42. Rxa4 Rxa4 43. Bxa4 Ra8 44. Kb4 Ke7 45. Bd1 Bc8 46. a4 Bd7 47. Be2 Bc8 48. Bd3 Bd7 49. Rg2 Kf6 50. a5 Bc8 51. h4 Kf7 52. gxf5 exf5 53. h5 Kf6 54. Ka4 Kf7 55. Rb2 Rb8 56. a6 bxa6 57. b7 Rxb7 58. Rxb7+ Bxb7 59. Bxf5 Ke7 60. Ka5 1-0